The life of Muhammad; (Record no. 550287)
[ view plain ]
| 000 -LEADER | |
|---|---|
| fixed length control field | 00561cam a2200157I 4500 |
| 082 ## - DEWEY DECIMAL CLASSIFICATION NUMBER | |
| Classification number | 297.63 |
| Author Mark | GUI |
| -- | L-30, P-155 |
| 100 1# - MAIN ENTRY--PERSONAL NAME | |
| Personal name | Ibn Hishām, ʻAbd al-Malik, |
| 9 (RLIN) | 46979 |
| 245 14 - TITLE STATEMENT | |
| Title | The life of Muhammad; |
| Statement of responsibility, etc. | a translation of Isḥāq's Sīrat rasūl Allāh. With introd. and notes by A. Guillaume. |
| 260 ## - PUBLICATION, DISTRIBUTION, ETC. | |
| Place of publication, distribution, etc. | London, |
| Name of publisher, distributor, etc. | Oxford University Press, |
| Date of publication, distribution, etc. | 1955. |
| 300 ## - PHYSICAL DESCRIPTION | |
| Extent | 813 p. |
| Dimensions | 22 cm. |
| 526 ## - STUDY PROGRAM INFORMATION NOTE | |
| Program name | 0 |
| Interest level | 0 |
| Reading level | 0 |
| Title point value | 297_630000000000000_GUI |
| 526 ## - STUDY PROGRAM INFORMATION NOTE | |
| Program name | 0 |
| Interest level | 0 |
| Reading level | 0 |
| Title point value | 297_630000000000000_GUI |
| 650 ## - SUBJECT ADDED ENTRY--TOPICAL TERM | |
| Topical term or geographic name entry element | MCE |
| 9 (RLIN) | 379 |
| 700 1# - ADDED ENTRY--PERSONAL NAME | |
| Personal name | Ibn Isḥāq, Muḥammad, |
| 9 (RLIN) | 380 |
| 942 ## - ADDED ENTRY ELEMENTS (KOHA) | |
| Source of classification or shelving scheme | |
| Koha item type | Book |
| Withdrawn status | Lost status | Source of classification or shelving scheme | Damaged status | Not for loan | Permanent Location | Current Location | Date acquired | Total Checkouts | Full call number | Barcode | Date last seen | Date last checked out | Price effective from | Koha item type |
|---|---|---|---|---|---|---|---|---|---|---|---|---|---|---|
| Military College of Engineering (MCE) | Military College of Engineering (MCE) | 10/30/2014 | 2 | 297.63 GUI | MCE-5183 | 05/14/2019 | 04/15/2019 | 10/30/2014 | Book | |||||
| Military College of Engineering (MCE) | Military College of Engineering (MCE) | 10/30/2014 | 297.63 GUI | MCE-34726 | 10/30/2014 | 10/30/2014 | Book |
